[Event "Tourn. n8447"]
[Site "www.chess-mail.com"]
[Date "2015.12.17"]
[Round "1"]
[White "Chiccogianca"]
[Black "Hundegana"]
[WhiteElo "2050"]
[BlackElo "2000"]
[Result "0-1"]
[Round "1"]
1.b3 e5
2.Bc1b2 d6
3.g3 Bc8d7
4.Bf1g2 c6
5.e4 Ng8f6
6.Ng1e2 Bf8e7
7.O-O O-O
8.d3 Nb8a6
9.Nb1d2 b5
10.h3 h6
11.f4 Qd8c7
12.a3 Ra8b8
13.b4 c5
14.bxc5 Qc7xc5
15.Kh2 Rb8c8
16.Ra1c1 Nf6h7
17.fxe5 dxe5
18.Nd2b3 Qc5c7
19.Ne2c3 b4
20.axb4 Be7xb4
21.Nc3d5 Qc7d8
22.Nd5xb4 Na6xb4
23.Bb2a3 Nb4a2
24.Ba3xf8 Na2xc1
25.Qd1xc1 Kxf8
26.h4 a5
27.Rf1f2 Qd8b6
28.Rf2e2 Qb6xb3
29.cxb3 Rc8xc1
30.Re2a2 Rc1c3
31.Ra2xa5 Rc3xb3
32.Ra5xe5 Rb3xd3
33.Re5a5 Rd3d2
34.Ra5d5 Rd2xd5
35.exd5 Ke7
36.Kg1 Kd6
37.Kf2 Nh7f6
38.Ke3 Nf6xd5
39.Bg2xd5 Kxd5
40.Kf4 Kd4
41.g4 Kd5
42.h5 Kd4
43.g5 hxg5
44.Kxg5 Ke4
45.h6 gxh6
46.Kxh6 f5
47.Kh5 f4
48.Kh4 Ke3
{ resign }
0-1

[Event "Tourn. n8431"]
[Site "www.chess-mail.com"]
[Date "2015.12.17"]
[Round "1"]
[White "Darko10"]
[Black "Yangqi"]
[WhiteElo "2500"]
[BlackElo "2550"]
[Result "1/2-1/2"]
[Round "1"]
1.e4 e6
2.d4 d5
3.Nb1c3 Bf8b4
4.e5 c5
5.Bc1d2 Ng8e7
6.Nc3b5 Bb4xd2
7.Qd1xd2 O-O
8.dxc5 Nb8d7
9.Qd2c3 f6
10.exf6 Nd7xf6
11.Bf1d3 Bc8d7
12.Nb5d6 Qd8c7
13.Ng1f3 b6
14.Nf3e5 bxc5
15.Ne5xd7 Qc7xd7
16.Qc3xc5 a6
17.O-O-O Kh8
18.Rh1e1 Ra8d8
19.Nd6b7 Qd7xb7
20.Re1xe6 Ne7g6
21.Bd3xg6 hxg6
22.f3 Rd8b8
23.b3 Rf8c8
24.Qc5e7 Rc8c7
25.Qe7d6 a5
26.Rd1d4 Qb7a7
27.Rd4h4 Kg8
28.Re6e2 g5
29.Rh4a4 Qa7g1
30.Kb2 Rb8c8
31.Qd6e6 Kf8
32.Qe6d6 Kf7
33.Qd6g3 Rc7c3
34.Qg3f2 Qg1xh2
35.Ra4xa5 Kg8
36.Ra5a4 Qh2d6
37.Ra4d4 g4
38.a4 Qd6c7
39.Rd4d2 Qc7c6
40.Re2e1 Qc6b7
41.Qf2e2 Rc3c6
42.Re1c1 Rc8e8
43.Qe2d3 Rc6e6
44.Rc1f1 Qb7c7
45.Rf1f2 Qc7e7
46.Qd3d4 Re8b8
47.Rd2d3 Rb8b4
48.Qd4c3 Rb4b8
49.Qc3d4 Re6e1
50.Rd3c3 gxf3
51.gxf3 Rb8e8
52.Rf2g2 Qe7d6
53.Qd4h4 Re8e7
54.Rc3c8 Kf7
55.Qh4g5 Ke6
56.Rc8c3 Nf6e8
57.Qg5g6 Ne8f6
58.Qg6g5 Qd6e5
59.a5 Qe5xg5
60.Rg2xg5 Kd6
61.b4 Nf6d7
62.Rg5g6 Re1e6
63.Rg6xe6 Re7xe6
64.Ka3 Nd7e5
65.Rc3c8 Ne5xf3
66.b5 Re6e3
67.Ka2 Re3e4
68.a6 Re4b4
69.Rc8c6 Kd7
70.Rc6c5 Kd6
71.Rc5c6 Kd7
72.Rc6c5 Kd6
73.Rc5c6 Kd7
74.Rc6c5 Kd6
75.Rc5c6 Kd7
76.Rc6c5 Kd6
{ draw }
1/2-1/2

[Event "Tourn. n8470"]
[Site "www.chess-mail.com"]
[Date "2015.12.17"]
[Round "1"]
[White "Osmundw"]
[Black "Vinvangogh"]
[WhiteElo "1559"]
[BlackElo "1560"]
[Result "0-1"]
[Round "1"]
1.e4 e5
2.Nb1c3 Bf8b4
3.Nc3d5 Nb8a6
4.Ng1f3 Ng8f6
5.Bf1d3 c6
6.Nd5xf6 Qd8xf6
7.c3 Bb4c5
8.b4 Bc5xf2
9.Kxf2 d5
10.c4 Na6xb4
11.Qd1e2 Bc8g4
12.Bc1a3 c5
13.Ba3xb4 cxb4
14.h4 a5
15.exd5 Qf6b6
16.c5 Qb6xc5
17.Kg3 f6
18.Kxg4 h5
19.Kh3 Qc5c8
20.Bd3f5 Qc8xf5
21.g4 hxg4
22.Kg2 Qf5f4
23.Nf3d4 Qf4xd4
24.Qe2b5 Kf8
25.Qb5xb7 Qd4xd2
26.Kf1 Ra8e8
27.a3 g3
28.Rh1g1 Qd2f2
{ resign }
0-1

[Event "Tourn. n8462"]
[Site "www.chess-mail.com"]
[Date "2015.12.17"]
[Round "1"]
[White "Norlavuaram"]
[Black "Emiondi"]
[WhiteElo "2260"]
[BlackElo "2139"]
[Result "1/2-1/2"]
[Round "1"]
1.e4 e5
2.Ng1f3 Nb8c6
3.Bf1b5 Ng8f6
4.O-O d6
5.d3 Bf8e7
6.c3 O-O
7.h3 Bc8d7
8.Bc1e3 Rf8e8
9.Nb1d2 a6
10.Bb5a4 Be7f8
11.Ba4c2 d5
12.exd5 Nf6xd5
13.Nd2b3 Bd7f5
14.Be3g5 Bf8e7
15.Bg5xe7 Qd8xe7
16.Nb3d2 Ra8d8
17.Nd2c4 b5
18.Nc4e3 Nd5xe3
19.fxe3 e4
20.Nf3d4 Nc6xd4
21.exd4 exd3
22.Rf1xf5 dxc2
23.Qd1xc2 Qe7e3
24.Qc2f2 Qe3xf2
25.Rf5xf2 f6
26.Kf1 Rd8d5
27.Ra1e1 Re8xe1
28.Kxe1 Kf7
29.Rf2d2 Ke6
30.Rd2e2 Kd7
31.Kf2 { draw }
1/2-1/2

[Event "Tourn. n8468"]
[Site "www.chess-mail.com"]
[Date "2015.12.17"]
[Round "1"]
[White "Expert"]
[Black "Raven16"]
[WhiteElo "1840"]
[BlackElo "1839"]
[Result "0-1"]
[Round "1"]
1.d4 Ng8f6
2.c4 g6
3.g3 Bf8g7
4.Bf1g2 d6
5.e4 O-O
6.Nb1c3 c5
7.d5 e5
8.h3 Nf6h5
9.Ng1e2 f5
10.O-O f4
11.Qd1d3 f3
12.Bg2xf3 Bc8xh3
13.Bf3g2 Bh3xg2
14.Kxg2 Nb8d7
15.Bc1e3 Nd7f6
16.Be3g5 Qd8d7
17.Rf1h1 Rf8f7
18.Bg5xf6 Rf7xf6
19.Ra1f1 Ra8f8
20.Qd3e3 a6
21.Qe3d3 Qd7g4
22.Rh1h4 Qg4g5
23.Kg1 Rf6f3
24.Qd3c2 Nh5xg3
25.fxg3 Rf3xf1
{ resign }
0-1

[Event "Tourn. n8493"]
[Site "www.chess-mail.com"]
[Date "2015.12.17"]
[Round "1"]
[White "Luban"]
[Black "Julian"]
[WhiteElo "2030"]
[BlackElo "1880"]
[Result "0-1"]
[Round "1"]
1.d4 Ng8f6
2.c4 g6
3.e3 Bf8g7
4.Ng1f3 d6
5.h3 O-O
6.Nb1c3 c6
7.Bf1d3 Qd8c7
8.O-O Nb8d7
9.e4 e5
10.d5 Nd7c5
11.b4 Nc5xd3
12.Qd1xd3 Bc8d7
13.a4 Ra8d8
14.Bc1g5 h6
15.Bg5xf6 Bg7xf6
16.c5 Bf6g7
17.dxc6 Bd7xc6
18.b5 Bc6d7
19.cxd6 Qc7b8
20.Rf1d1 f5
21.Qd3d5 Kh7
22.Nf3xe5 Qb8c8
23.Ra1c1 Bd7e6
24.Qd5d3 Bg7xe5
{ resign }
0-1

[Event "Match"]
[Site "www.echecsemail.com"]
[Date "2015.12.17"]
[Round "1"]
[White "Billyg"]
[Black "Dulap"]
[WhiteElo "1640"]
[BlackElo "1810"]
[Result "0-1"]
[Round "1"]
1.e4 c5
2.d4 cxd4
3.Qd1xd4 Nb8c6
4.Qd4c3 d6
5.Bf1b5 Bc8d7
6.Bb5xc6 Bd7xc6
7.f3 Ra8c8
8.Qc3e3 a6
9.Nb1c3 g6
10.Bc1d2 Bf8g7
11.O-O-O Ng8f6
12.Ng1e2 O-O
13.e5 dxe5
14.Nc3e4 Qd8c7
15.Ne4c5 Bc6b5
16.Bd2b4 b6
17.f4 exf4
18.Qe3f2 bxc5
19.Bb4c3 Nf6e4
20.Qf2f3 Bb5xe2
21.Qf3xe2 Ne4xc3
22.bxc3 Bg7xc3
23.Rd1d3 Qc7a5
24.Qe2f3 Bc3d4
25.Rd3b3 Qa5xa2
26.Kd2 Bd4e3
27.Kc3 Be3d4
28.Kd3 Rf8d8
29.Rh1d1 c4
30.Ke4 cxb3
31.Qf3xb3 Qa2xc2
32.Qb3xc2 Rc8xc2
33.Kd3 Rc2xg2
34.Ke4 Bd4b6
35.Rd1b1 Bb6e3
36.Rb1f1 Rg2xh2
37.Rf1f3 a5
{ resign }
0-1

[Event "Match"]
[Site "www.echecsemail.com"]
[Date "2015.12.17"]
[Round "1"]
[White "Ztornad"]
[Black "Krystek23"]
[WhiteElo "1760"]
[BlackElo "2380"]
[Result "0-1"]
[Round "1"]
1.Nb1c3 Nb8c6
2.d4 e6
3.a3 Ng8f6
4.Ng1f3 d6
5.d5 exd5
6.Nc3xd5 Nf6xd5
7.Nf3d4 Bc8d7
8.e4 Nd5f6
9.Nd4xc6 Bd7xc6
10.e5 dxe5
11.Qd1xd8 Ra8xd8
12.Bf1d3 Bc6xg2
13.Rh1g1 Bg2c6
14.Bc1e3 Nf6d5
15.Be3g5 f6
16.Bg5d2 g6
17.O-O-O Bf8g7
18.Rg1g4 Kf7
19.h4 Nd5e7
20.Rg4b4 Bg7f8
21.Rb4b3 Ne7f5
22.Bd3c4 Kg7
23.Bd2h6 Nf5xh6
24.Rd1xd8 Bf8c5
25.Rd8d2 Nh6f5
26.h5 Nf5d4
27.Rb3g3 Nd4f3
28.Rd2d3 e4
29.h6 Kxh6
30.Rd3c3 Bc5xf2
31.Rg3h3 Kg7
32.Bc4e2 Nf3g5
33.Rh3h2 e3
34.Rc3d3 Bf2g3
35.Rh2h5 gxh5
36.Be2xh5 Bg3f4
37.Kd1 Ng5e4
38.Rd3d4 Bf4e5
39.Rd4b4 Ne4g3
40.Bh5g4 Rh8d8
41.Ke1 h5
42.Bg4h3 Bc6f3
 { time }
0-1

[Event "Match"]
[Site "www.echecsemail.com"]
[Date "2015.12.17"]
[Round "1"]
[White "Genius7"]
[Black "Castletyme"]
[WhiteElo "1730"]
[BlackElo "1880"]
[Result "1-0"]
[Round "1"]
1.c4 c5
2.Nb1c3 Nb8c6
3.Ng1f3 Nc6d4
4.e3 Nd4xf3
5.Qd1xf3 Ng8f6
6.d4 cxd4
7.exd4 e6
8.Bc1g5 Bf8e7
9.Bf1e2 O-O
10.O-O Qd8b6
11.Nc3b5 a6
12.c5 Qb6a5
13.Nb5c3 Rf8e8
14.Rf1e1 Ra8b8
15.Bg5f4 Rb8a8
16.a3 Qa5d8
17.Ra1d1 Ra8a7
18.b4 b6
19.h3 bxc5
20.dxc5 Bc8b7
21.Qf3d3 Bb7c6
22.Be2f3 Bc6b5
23.Nc3xb5 axb5
24.Qd3xb5 Ra7xa3
25.c6 Ra3xf3
26.gxf3 d5
27.c7 Qd8a8
28.Qb5b8 Re8xb8
29.cxb8Q Qa8xb8
30.Bf4xb8 { resign }
1-0

[Event "Tourn. n8494"]
[Site "www.chess-mail.com"]
[Date "2015.12.18"]
[Round "1"]
[White "Faerieking"]
[Black "Rons"]
[WhiteElo "2280"]
[BlackElo "2590"]
[Result "0-1"]
[Round "1"]
1.e4 c5
2.d4 cxd4
3.c3 dxc3
4.Bf1c4 e6
5.Nb1xc3 a6
6.Ng1f3 b5
7.Bc4b3 Bc8b7
8.O-O b4
9.Nc3d5 exd5
10.exd5 Bf8d6
11.Rf1e1 Ng8e7
12.Bc1g5 O-O
13.Qd1d3 f6
14.Bg5h4 Ne7g6
15.Bb3c2 Qd8b6
16.Ra1d1 f5
17.Bh4g3 f4
18.Bg3h4 Qb6b5
19.Qd3e4 Qb5c5
20.Bh4g5 a5
21.Nf3h4 b3
22.axb3 Rf8c8
23.Bc2b1 Qc5b4
24.Rd1d4 Qb4b6
25.g3 Bd6c5
26.Nh4xg6 hxg6
{ resign }
0-1

[Event "Tourn. n8376"]
[Site "www.chess-mail.com"]
[Date "2015.12.18"]
[Round "1"]
[White "Ciappo"]
[Black "Vogue"]
[WhiteElo "2510"]
[BlackElo "2210"]
[Result "0-1"]
[Round "1"]
1.c4 Ng8f6
2.g3 g6
3.Bf1g2 c5
4.Nb1c3 Bf8g7
5.e4 O-O
6.Ng1e2 Nb8c6
7.d3 Ra8b8
8.O-O a6
9.h3 b5
10.Bc1e3 d6
11.b3 b4
12.Nc3a4 e5
13.Qd1d2 Bc8d7
14.Na4b2 Nf6h5
15.Be3g5 f6
16.Bg5e3 f5
17.Be3g5 Qd8e8
18.exf5 gxf5
19.Ra1e1 Qe8g6
20.f4 exf4
21.gxf4 Nc6d4
22.Kh2 Kh8
23.Nb2d1 h6
24.Bg5h4 Bg7f6
25.Bh4xf6 Rf8xf6
26.Ne2xd4 Qg6g3
27.Kg1 cxd4
28.Qd2f2 Rb8g8
29.Qf2xg3 Rg8xg3
30.Kh2 Rg3xd3
31.Rf1f2 Rf6e6
32.Re1xe6 Bd7xe6
33.Nd1b2 Rd3c3
34.Rf2d2 Nh5xf4
35.Rd2xd4 Rc3c2
36.Rd4xf4 Rc2xb2
37.Rf4d4 Rb2xa2
38.Rd4xd6 Be6f7
39.Rd6f6 Kg7
40.Rf6xf5 Bf7g6
41.Rf5e5 Bg6c2
42.Kg3 Bc2xb3
43.Bg2d5 Ra2a1
44.Re5e7 Kf6
45.Re7b7 a5
46.Kf4 Ra1f1
47.Ke3 Rf1c1
{ resign }
0-1

[Event "Tourn. n8470"]
[Site "www.chess-mail.com"]
[Date "2015.12.18"]
[Round "1"]
[White "Vinvangogh"]
[Black "Roque1"]
[WhiteElo "1560"]
[BlackElo "1640"]
[Result "0-1"]
[Round "1"]
1.d4 d5
2.Ng1f3 Ng8f6
3.Nf3g5 e6
4.Nb1c3 Bf8b4
5.Bc1d2 Nb8c6
6.Nc3b5 O-O
7.e4 Nf6xe4
8.Bf1d3 Bb4xd2
9.Kf1 Qd8xg5
10.Bd3xe4 dxe4
11.g3 Qg5xb5
12.Qd1e2 Qb5xb2
13.Kg2 Qb2xc2
14.Ra1d1 Nc6xd4
15.Rd1xd2 Nd4xe2
16.Rd2xc2 Ne2d4
17.Rc2xc7 Nd4c6
18.h4 Rf8d8
19.g4 e5
20.g5 Bc8g4
21.h5 Rd8d2
22.Rh1c1 Ra8d8
23.Rc7xb7 Nc6d4
24.Rc1c7 Bg4e6
25.g6 hxg6
26.hxg6 Be6d5
27.Kf1 Bd5xb7
28.gxf7 Kf8
29.Rc7xb7 Rd2xa2
30.Kg2 Nd4e2
31.Kf1 Rd8d1
32.Kg2 Ne2f4
33.Kg3 Rd1g1
34.Kh2 Rg1f1
35.Kg3 Ra2xf2
36.Kg4 Nf4e6
37.Kh5 Rf1g1
38.Rb7b8 Kxf7
39.Rb8b7 Kf6
{ resign }
0-1

[Event "Tourn. n8470"]
[Site "www.chess-mail.com"]
[Date "2015.12.18"]
[Round "1"]
[White "Gatrooper"]
[Black "Vinvangogh"]
[WhiteElo "1540"]
[BlackElo "1560"]
[Result "1-0"]
[Round "1"]
1.e4 e5
2.a3 Nb8c6
3.Ng1f3 Bf8c5
4.d3 d5
5.exd5 Qd8xd5
6.Nb1c3 Qd5d7
7.Bc1e3 Bc5xe3
8.fxe3 Ng8f6
9.h3 O-O
10.e4 Nc6d4
11.Nf3xd4 exd4
12.Nc3d5 Qd7d6
13.Nd5xf6 Qd6xf6
14.Qd1e2 Qf6e7
15.O-O-O Bc8e6
16.g4 b5
17.h4 a5
18.Bf1g2 a4
19.e5 b4
20.Kd2 h5
21.gxh5 g5
22.h6 bxa3
23.Bg2xa8 Rf8xa8
24.hxg5 Qe7xg5
25.Ke1 Be6g4
26.h7 Kh8
27.Qe2e4 Ra8e8
28.Kf2 Re8xe5
29.Qe4a8 Kg7
30.Qa8g8 Kf6
31.h8Q Kf5
32.Qg8xf7 Qg5f6
33.Qh8xf6 { resign }
1-0

[Event "Match"]
[Site "www.echecsemail.com"]
[Date "2015.12.18"]
[Round "1"]
[White "Pariolinius"]
[Black "Vinvangogh"]
[WhiteElo "1890"]
[BlackElo "1590"]
[Result "1-0"]
[Round "1"]
1.e4 e5
2.f4 exf4
3.Ng1f3 Nb8c6
4.d4 Bf8b4
5.c3 Bb4a5
6.Bc1xf4 Ng8f6
7.Nb1d2 O-O
8.Bf1d3 d5
9.e5 Nf6g4
10.Qd1e2 a6
11.O-O b5
12.h3 Ng4h6
13.Bf4xh6 gxh6
14.Qe2e3 Kg7
15.Qe3f2 h5
16.Nd2b3 Ba5b6
17.Nb3c5 f6
18.e6 Bb6xc5
19.dxc5 Bc8xe6
20.Qf2g3 Kf7
21.Bd3xh7 Rf8g8
22.Bh7xg8 Qd8xg8
23.Qg3xc7 Nc6e7
24.b4 Ra8c8
25.Qc7f4 Be6xh3
26.Nf3h4 Qg8g7
27.Rf1f3 Ne7f5
28.Qf4xf5 Bh3xf5
29.Nh4xf5 Qg7g4
30.Nf5h6 Kg6
31.Nh6xg4 hxg4
32.Rf3f4 Kg5
33.g3 Rc8e8
34.Kf2 a5
35.Ra1e1 Re8h8
36.Kg2 a4
37.Re1e6 Rh8h6
38.Re6d6 f5
39.Rd6xh6 Kxh6
40.Rf4xf5 Kg6
41.Rf5xd5 Kf6
42.c6 Ke6
43.Rd5xb5 Kd6
44.Rb5c5 Kc7
45.b5 Kb6
46.Rc5g5 Kc7
47.Rg5g6 Kb6
48.c4 Kc5
49.Rg6xg4 a3
50.c7 Kb4
51.c8Q Kc3
52.Qc8f5 Kb2
53.Qf5f2 Kc3
54.Qf2d4 Kc2
55.Rg4f4 Kb1
56.Rf4f2 Kc1
57.Qd4a1 { resign }
1-0

[Event "Match"]
[Site "www.echecsemail.com"]
[Date "2015.12.18"]
[Round "1"]
[White "Jhw"]
[Black "Drdoom"]
[WhiteElo "1960"]
[BlackElo "1730"]
[Result "1-0"]
[Round "1"]
1.d4 e6
2.a4 g6
3.e4 d5
4.e5 Bf8g7
5.b4 a6
6.a5 Ng8e7
7.g4 O-O
8.h4 h6
9.Ng1f3 b6
10.axb6 cxb6
11.c3  { time }
1-0

[Event "Match"]
[Site "www.echecsemail.com"]
[Date "2015.12.18"]
[Round "1"]
[White "Paco"]
[Black "Coraza"]
[WhiteElo "1860"]
[BlackElo "1680"]
[Result "1-0"]
[Round "1"]
1.e4 e5
2.Ng1f3 Nb8c6
3.Bf1c4 h6
4.O-O Ng8f6
5.Nb1c3 a6
6.d4 Bf8d6
7.d5 Nc6a5
8.Bc4d3 O-O
9.a3 b6
10.b4 Na5b7
11.g3 a5
12.bxa5 Nb7c5
13.axb6 cxb6
14.Nc3b5 Qd8e7
15.Nb5xd6 Qe7xd6
16.Nf3h4 Ra8a4
17.Nh4f5 Qd6b8
18.c3 d6
19.Bc1e3 Ra4a5
20.Nf5e7 Kh7
21.Ne7c6 Qb8a8
22.Nc6xa5 Qa8xa5
23.Bd3b1 Qa5xc3
24.Ra1a2 Bc8h3
25.Be3d2 Qc3c4
26.Ra2b2 Bh3xf1
27.Qd1xf1 Qc4a6
28.Qf1xa6 Nc5xa6
29.Rb2xb6 Na6c5
30.Rb6xd6 Nc5b7
31.Rd6b6 Nb7d8
32.a4 Nf6g4
33.a5 f5
34.a6 Rf8f7
35.exf5 Rf7a7
36.d6 Ng4f6
37.Bd2c3 Nf6d5
38.f6 Kg8
39.Bb1a2 Kh8
40.fxg7 Kxg7
41.Ba2xd5 Ra7d7
42.Bc3xe5 Kg6
43.Rb6b8 Kf5
44.f4 Nd8e6
45.Rb8b7 { resign }
1-0

[Event "Match"]
[Site "www.echecsemail.com"]
[Date "2015.12.18"]
[Round "1"]
[White "Pariolinius"]
[Black "Goosebumps"]
[WhiteElo "2000"]
[BlackElo "2090"]
[Result "0-1"]
[Round "1"]
1.d4 Ng8f6
2.Ng1f3 e6
3.e3 b6
4.Bf1d3 c5
5.c3 d5
6.Nb1d2 Bf8e7
7.O-O c4
8.Bd3c2 O-O
9.Rf1e1 Nb8c6
10.h3 Qd8c7
11.e4 dxe4
12.Nd2xe4 Bc8b7
13.Qd1e2 b5
14.b4 h6
15.Ne4c5 Nf6d5
16.Bc1d2 a5
17.a3 Be7f6
18.Nc5xb7 Qc7xb7
19.Bc2e4 Rf8e8
20.Nf3e5 Bf6xe5
21.dxe5 Nc6xe5
22.f4 Ne5c6
23.Qe2f3 Qb7d7
24.Be4xd5 Qd7xd5
25.Qf3g3 Qd5xd2
26.Ra1c1 axb4
27.Re1d1 Qd2e2
28.Rd1e1 Qe2d3
29.Qg3f2 bxc3
30.Re1d1 Qd3f5
31.Rc1xc3 Re8d8
32.Rd1d2 Rd8xd2
33.Qf2xd2 Qf5c5
34.Kh2 Ra8xa3
35.Rc3c1 Qc5d4
36.Qd2e2 Qd4xf4
37.Kh1 Qf4xc1
38.Kh2 Qc1f4
{ resign }
0-1

[Event "Match"]
[Site "www.echecsemail.com"]
[Date "2015.12.18"]
[Round "1"]
[White "Luzhin"]
[Black "Lino"]
[WhiteElo "2200"]
[BlackElo "2039"]
[Result "0-1"]
[Round "1"]
1.d4 f5
2.g3 Ng8f6
3.Bf1g2 g6
4.Ng1f3 Bf8g7
5.Bc1f4 d6
6.O-O O-O
7.c4 Nb8c6
8.Nb1c3 Nf6h5
9.Bf4g5 h6
10.Bg5d2 e5
11.d5 Nc6e7
12.e4 Nh5f6
13.Nf3e1 c6
14.Qd1b3 fxe4
15.Nc3xe4 Nf6xe4
16.Bg2xe4 cxd5
17.cxd5 Bc8h3
18.Ne1g2 Qd8d7
19.Ra1c1 g5
20.f3 Ne7f5
21.Rf1f2 Nf5d4
22.Qb3d3 Bh3f5
23.Ng2e3 Bf5xe4
24.Qd3xe4 Rf8f7
25.Kg2 Ra8f8
26.Rc1f1 Qd7a4
27.a3 a5
28.Bd2c3 Qa4b5
29.Ne3c2 Nd4f5
30.a4 Qb5c5
31.Bc3d2 Qc5b6
32.Nc2a3 Nf5d4
33.Na3c4 Qb6b3
34.Nc4xd6 Rf7d7
35.Nd6b5 Nd4xb5
36.axb5 Qb3xb5
37.h4 Qb5xd5
38.hxg5 Qd5xe4
39.fxe4 Rf8xf2
40.Rf1xf2 hxg5
41.Bd2xa5 g4
42.Ba5c3 Rd7d3
43.Rf2f5 Rd3e3
44.Rf5xe5 Bg7xe5
{ resign }
0-1

[Event "Match"]
[Site "www.echecsemail.com"]
[Date "2015.12.18"]
[Round "1"]
[White "Delacey"]
[Black "Irene"]
[WhiteElo "1920"]
[BlackElo "2030"]
[Result "0-1"]
[Round "1"]
1.Ng1f3 d5
2.c4 Ng8f6
3.b3 g6
4.Bc1b2 Bf8g7
5.d3 O-O
6.e3 c6
7.Bf1e2 Qd8a5
8.Bb2c3 Qa5c7
9.O-O dxc4
10.bxc4 Nf6d7
11.Bc3xg7 Kxg7
12.Nb1c3 Nd7c5
13.d4 Nc5e6
14.Nc3e4 Rf8d8
15.Qd1b1 b6
16.Ne4g5 Ne6xg5
17.Nf3xg5 Bc8f5
18.e4 Bf5c8
19.d5 cxd5
20.exd5 Qc7f4
21.Ng5f3 Bc8a6
22.Qb1b2 Kg8
23.Ra1c1 Rd8c8
24.Nf3e5 f6
25.Ne5d3 Qf4e4
26.Nd3b4 Ba6xc4
27.Rf1e1 Bc4a6
28.Nb4xa6 Rc8xc1
29.Qb2xc1 Nb8xa6
30.Be2xa6 Qe4xd5
31.Re1xe7 Qd5xa2
32.Ba6b7 Ra8d8
33.h3 Qa2a4
34.Qc1h6 Qa4d1
35.Kh2 Qd1d6
36.g3 Qd6xe7
37.Bb7f3 Qe7e1
38.Kg2 Rd8d2
39.Qh6f4 Qe1xf2
{ resign }
0-1

[Event "1/128 Finale"]
[Site "www.chess-mail.com"]
[Date "2015.12.18"]
[Round "1"]
[White "Guidom"]
[Black "Relaxmax"]
[WhiteElo "2090"]
[BlackElo "2070"]
[Result "1-0"]
[Round "1"]
1.e4 c6
2.Ng1f3 d5
3.exd5 cxd5
4.d4 Nb8c6
5.c3 Qd8c7
6.Bf1b5 Bc8g4
7.O-O e6
8.Bc1e3 Ng8f6
9.Nb1d2 Bf8d6
10.h3 Bg4xf3
11.Nd2xf3 O-O
12.Qd1e2  { time }
1-0

[Event "Eq:Angolana Scacchi-Slap Shot Mates : "]
[Site "www.chess-mail.com"]
[Date "2015.12.18"]
[Round "1"]
[White "Raulazo"]
[Black "Witpar"]
[WhiteElo "1830"]
[BlackElo "2620"]
[Result "0-1"]
[Round "1"]
1.e4 c5
2.Bf1c4 Nb8c6
3.Qd1f3 Ng8f6
4.Qf3b3 e6
5.Ng1f3 Nf6xe4
6.O-O d5
7.Bc4b5 Ne4d6
8.Bb5xc6 bxc6
9.Qb3a4 Qd8b6
10.Nf3e5 f6
11.Ne5xc6 Bc8d7
12.c4 Nd6xc4
13.d3 Nc4e5
14.Qa4a5 Bd7xc6
15.Qa5d2 Bc6b5
16.a4 Bb5xd3
17.a5 Qb6c6
18.Rf1e1 c4
19.Nb1c3 Bf8b4
20.Qd2e3 Qc6d7
21.Bc1d2 d4
22.Qe3g3 dxc3
23.bxc3 Bb4d6
24.Bd2f4 O-O
25.Re1d1 Ra8b8
26.Rd1d2 Rb8b3
27.a6 Rb3xc3
28.h4 Rc3b3
29.h5 Qd7f7
30.h6 g5
31.Bf4xe5 Bd6xe5
32.Qg3e3 Qf7h5
33.Qe3h3 Qh5xh3
34.gxh3 Be5xa1
{ resign }
0-1

[Event "Tourn. n8423"]
[Site "www.chess-mail.com"]
[Date "2015.12.19"]
[Round "1"]
[White "Fkarpov"]
[Black "Norlavuaram"]
[WhiteElo "2080"]
[BlackElo "2180"]
[Result "1/2-1/2"]
[Round "1"]
1.e4 e5
2.Ng1f3 Nb8c6
3.Bf1b5 a6
4.Bb5a4 Ng8f6
5.d3 b5
6.Ba4b3 Bf8e7
7.Bc1g5 d6
8.Bg5xf6 Be7xf6
9.O-O O-O
10.Bb3d5 Bc8d7
11.Nb1d2 Ra8b8
12.Bd5xc6 Bd7xc6
13.Rf1e1 Bc6d7
14.h3 c5
15.c3 Qd8c7
16.Ra1c1 Bf6e7
17.d4 Be7f6
18.d5 Bf6e7
19.b3 f5
20.c4 f4
21.Kh2 g5
22.Nf3g1 Rf8f6
23.Qd1h5 Rf6g6
24.g3 fxg3
25.fxg3 Kg7
26.Qh5e2 Rb8f8
27.Re1f1 Rg6f6
28.Rf1xf6 Rf8xf6
29.Rc1f1 Qc7d8
30.Qe2h5 Rf6xf1
31.Nd2xf1 Qd8e8
32.Qh5xe8 Bd7xe8
33.g4 h5
34.Ng1f3 hxg4
35.hxg4 Kf6
36.Nf1g3 bxc4
37.bxc4 Be8a4
38.Ng3f5 Be7f8
39.Nf5e3 Bf8e7
40.Kg3 Be7d8
41.Ne3f5 Bd8c7
42.Kf2 Ba4c2
43.Nf3d2 Bc2d1
44.Nf5e3 Bd1a4
45.Ke2 Bc7a5
46.Nd2b3 Ba5c7
47.Nb3d2 Ba4d7
48.Nd2b1 Bc7a5
49.Ne3f5 Ba5c7
50.Nf5e3 Bc7a5
51.Ne3f5 Ba5c7
52.Nf5e3 Bc7a5
53.Ne3f5 Ba5c7
{ draw }
1/2-1/2

[Event "Tourn. n8401"]
[Site "www.chess-mail.com"]
[Date "2015.12.19"]
[Round "1"]
[White "Obisporey"]
[Black "Tartan"]
[WhiteElo "2600"]
[BlackElo "2470"]
[Result "1-0"]
[Round "1"]
1.e4 e5
2.Ng1f3 Nb8c6
3.Bf1c4 Bf8c5
4.c3 Ng8f6
5.b4 Bc5b6
6.d3 d6
7.a4 a6
8.Nb1d2 O-O
9.O-O Nc6e7
10.Bc4b3 Ne7g6
11.Nd2c4 Bb6a7
12.Bc1e3 Bc8e6
13.Be3xa7 Ra8xa7
14.Rf1e1 Ra7a8
15.Nc4e3 Qd8d7
16.Qd1c2 Be6xb3
17.Qc2xb3 Rf8e8
18.a5 Ng6f4
19.c4 Ra8d8
20.Ne3f5 h6
21.Ra1a3 Kh7
22.Qb3b2 Qd7e6
23.Qb2c1 g6
24.Nf5g3 Qe6e7
25.d4 Nf4h5
26.Ng3xh5 Nf6xh5
27.b5 Nh5f6
28.d5 Nf6d7
29.Qc1b1 Nd7c5
30.Nf3d2 Rd8a8
31.Nd2b3 Nc5xb3
32.Ra3xb3 Re8b8
33.Rb3a3 Qe7d7
34.Re1c1 f5
35.b6 Rb8f8
36.c5 cxb6
37.Qb1xb6 { resign }
1-0

[Event "Tourn. n8429"]
[Site "www.chess-mail.com"]
[Date "2015.12.19"]
[Round "1"]
[White "Andychesston"]
[Black "Norlavuaram"]
[WhiteElo "2030"]
[BlackElo "2190"]
[Result "0-1"]
[Round "1"]
1.e4 e5
2.Ng1f3 Nb8c6
3.d4 exd4
4.Nf3xd4 Bf8c5
5.Bc1e3 Qd8f6
6.c3 Ng8e7
7.Qd1d2 Bc5b6
8.Nd4f3 O-O
9.Be3g5 Qf6g6
10.Bf1d3 d6
11.O-O Bc8g4
12.Nf3h4 Qg6h5
13.Nh4f5 Ne7xf5
14.exf5 Nc6e5
15.Bd3e4 h6
16.Bg5e7 Rf8e8
17.f6 Ra8b8
18.Qd2f4 gxf6
19.Be7xf6 Ne5g6
20.Be4xg6 Qh5xg6
21.Nb1d2 Re8e2
22.Bf6d4 Bb6xd4
23.Qf4xd4 Rb8e8
24.b3 Bg4h3
25.g3 Bh3xf1
26.Kxf1 Qg6g5
27.Nd2f3 Qg5g7
28.Qd4d3 Qg7g6
29.Qd3b5 Qg6e4
30.Nf3g1 Re2e1
31.Ra1xe1 Qe4xe1
32.Kg2 Qe1e4
33.Ng1f3 Re8e5
34.Qb5d7 Re5f5
35.Qd7d8 Kg7
36.Qd8h4 Qe4xf3
37.Kh3 Rf5h5
38.c4 Rh5xh4
39.Kxh4 f5
40.h3 Kg6
41.g4 Qf3xf2

0-1

[Event "Tourn. n8494"]
[Site "www.chess-mail.com"]
[Date "2015.12.19"]
[Round "1"]
[White "Liencam2"]
[Black "Yangqi"]
[WhiteElo "2340"]
[BlackElo "2600"]
[Result "0-1"]
[Round "1"]
1.e4 c5
2.Nb1c3 Nb8c6
3.Ng1f3 e6
4.d4 cxd4
5.Nf3xd4 Qd8c7
6.Bf1e2 a6
7.O-O Ng8f6
8.Bc1e3 Bf8b4
9.Nc3a4 Bb4e7
10.Nd4xc6 bxc6
11.Na4b6 Ra8b8
12.Nb6xc8 Qc7xc8
13.Be3d4 Nf6xe4
14.Bd4xg7 Rh8g8
15.Bg7e5 d6
16.Qd1d3 f5
17.Be2h5 Kf8
18.Be5f4 Kg7
19.Bh5f3 Ne4f6
20.Ra1e1 e5
21.Bf4c1 e4
22.Qd3c3 d5
23.Bf3e2 Be7b4
24.Qc3h3 Bb4xe1
25.Qh3h6 Kf7
26.Rf1xe1 Qc8e6
27.b3 c5
28.a4 Rg8g6
29.Qh6f4 Rb8c8
30.Qf4d2 Qe6d6
31.Qd2a5 Rc8g8
32.g3 f4
33.Qa5xa6 Qd6c7
34.Kh1 Nf6g4
35.Bc1xf4 Ng4xf2
36.Kg2 Qc7xf4
{ resign }
0-1

[Event "Tourn. n8400"]
[Site "www.chess-mail.com"]
[Date "2015.12.19"]
[Round "1"]
[White "Azorau"]
[Black "Neo"]
[WhiteElo "1890"]
[BlackElo "1800"]
[Result "1-0"]
[Round "1"]
1.Ng1f3 d5
2.d4 e6
3.g3 g6
4.Bf1g2 Bf8g7
5.O-O Ng8f6
6.Rf1e1 Nf6e4
7.Nf3d2 Ne4xd2
8.Qd1xd2 O-O
9.e4 c6
10.e5 b5
11.b4 Nb8d7
12.Nb1c3 Nd7b6
13.Nc3d1 Nb6c4
14.Qd2c3 a6
15.Bg2f1 Bc8b7
16.Bf1xc4 bxc4
17.Bc1a3 Rf8e8
18.Nd1e3 Re8e7
19.b5 Re7d7
20.Ba3d6 cxb5
21.Ne3g4 Bb7c6
22.Qc3b4 a5
23.Qb4d2 b4
24.a3 Bg7f8
25.Ng4f6 Kg7
26.Bd6xf8 Qd8xf8
27.Nf6xd7 Bc6xd7
28.Qd2f4 bxa3
29.Qf4f6 Kg8
30.Qf6f3 a4
31.Ra1xa3 Ra8b8
32.Kg2 Rb8b2
33.Qf3c3 Rb2b8
34.g4 Qf8h6
35.Re1e3 Qh6h4
36.Re3h3 Qh4xg4
37.Rh3g3 Qg4e4
38.f3 Qe4e2
39.Kh3 f5
40.Rg3g2 Qe2f1
41.Ra3a1 Rb8b1
42.Ra1xb1 Qf1xb1
43.Qc3a5 Qb1b8
44.Kg3 g5
45.h4 g4
46.fxg4 fxg4
47.Kxg4 Qb8f8
48.Kh3 Kh8
49.Kg3 Bd7e8
50.Rg2f2 Qf8g7
51.Kh3 h5
52.Rf2g2 Qg7f7
53.Qa5d2 Qf7f5
54.Kh2 Qf5h7
55.Qd2f2 Qh7h6
56.Rg2g5 a3
57.c3 Be8a4
58.Qf2g2 Qh6h7
59.Qg2e2 Ba4b3
60.Rg5xh5 Qh7xh5
61.Qe2xh5 Kg7
62.Qh5g5 Kh7
63.Qg5e7 Kh6
64.Qe7xa3 Kh5
65.Kh3 Kh6
66.Qa3d6 Kg6
67.Qd6xe6 Kg7
68.Qe6f6 Kg8
69.e6 Bb3a4
70.Qf6f7 Kh8
71.e7 { resign }
1-0